<?xml version="1.0" encoding="UTF-8"?>
<marc:record xmlns:marc="http://www.loc.gov/MARC21/slim">
   <marc:leader>00000nam a2200000 a 4500</marc:leader>
   <marc:datafield ind1="1" ind2=" " tag="100">
      <marc:subfield code="a">Eisenberg, Paul Chaim</marc:subfield>
      <marc:subfield code="4">aut</marc:subfield>
      <marc:subfield code="e">Verfasser/-in</marc:subfield>
   </marc:datafield>
   <marc:datafield ind1="0" ind2="0" tag="245">
      <marc:subfield code="a">Lachen, Weinen, Hoffnung schenken</marc:subfield>
   </marc:datafield>
   <marc:datafield ind1="0" ind2="0" tag="245">
      <marc:subfield code="b">Wenn der Rebbe vom Leben erzählt</marc:subfield>
   </marc:datafield>
   <marc:datafield ind1="0" ind2="0" tag="245">
      <marc:subfield code="c">Eisenberg, Paul Chaim</marc:subfield>
   </marc:datafield>
   <marc:datafield ind1=" " ind2="1" tag="264">
      <marc:subfield code="a">Wien</marc:subfield>
      <marc:subfield code="b">Brandstätter</marc:subfield>
      <marc:subfield code="c">2021</marc:subfield>
   </marc:datafield>
   <marc:datafield ind1="1" ind2=" " tag="520">
      <marc:subfield code="a">Paul Chaim Eisenberg ist Kult. Der ehemalige Oberrabbiner Wiens, leidenschaftliche Sänger und Bestsellerautor begeistert das Publikum seit Jahren mit jüdischem Witz und Weisheit. Nun lässt er uns zum ersten Mal tiefer blicken und erzählt aus seinem Leben. Voll von Höhen und Tiefen, von kleinen und großen Begegnungen und vor allem von der Einsicht: Das Wichtigste ist, in schwierigen Zeiten seinen Humor zu bewahren. Warum der Lohn dafür, ein guter Mensch zu sein, zumeist kein vom Himmel herabgefallenes Brathuhn ist, wie Franz Wohlfahrt zur Gründung eines jüdischen Fußballvereins beigetragen hat, warum die Schoah nicht nur so vielen Juden das Leben gekostet, sondern auch das Leben der Überlebenden, ihrer Kinder und Kindeskinder geprägt hat – und warum es gerade deshalb so wichtig ist, dass wir alle Brücken zueinander bauen: Paul Eisenberg schenkt uns Zuversicht. Feiern wir das Leben mit ihm! [Verlagstext]</marc:subfield>
   </marc:datafield>
   <marc:datafield ind1=" " ind2=" " tag="020">
      <marc:subfield code="a">9783710605109</marc:subfield>
      <marc:subfield code="9">9783710605109</marc:subfield>
   </marc:datafield>
   <marc:datafield ind1=" " ind2=" " tag="020">
      <marc:subfield code="a">3710605105</marc:subfield>
      <marc:subfield code="9">3710605105</marc:subfield>
   </marc:datafield>
   <marc:datafield ind1=" " ind2=" " tag="041">
      <marc:subfield code="a">ger</marc:subfield>
   </marc:datafield>
   <marc:datafield ind1=" " ind2=" " tag="300">
      <marc:subfield code="b">Fotos</marc:subfield>
   </marc:datafield>
   <marc:datafield ind1=" " ind2=" " tag="338">
      <marc:subfield code="a">Band</marc:subfield>
   </marc:datafield>
   <marc:datafield ind1=" " ind2=" " tag="300">
      <marc:subfield code="a">175 Seiten</marc:subfield>
   </marc:datafield>
</marc:record>
